000 00695nam a22002177a 4500
003 URS
005 20260224141135.0
008 260224s2023 ph a|||| |||| 00| 0 eng d
020 _a9786214271467
040 _bEnglish
_cURS
_drda
050 _aHF 5548.2
_b.D2622 2023
100 _4author
_aDr. Marmelo V. Abante
245 _aData analytics & business intelligence
_cDr. Marmelo V. Abante...[et.al].
264 _aIntramuros, Manila:
_bUnlimited Books Publishing;
_cc2023
300 _a447 pages
_billustrations;
_c25 cm.
336 _2rdacontent
_atext
_btxt
337 _2rdamedia
_aunmediated
_bn
338 _2rdacarrier
_avolume
_bnc
650 _aBusiness/ data processing
942 _2lcc
_cF
999 _c98920
_d98917